000 00524nam a22001691i 4500
001 14332
090 _a14332
100 _a20170304u u u0frey50 ba
101 0 _apor
200 1 _fF. Capdevila
_aCruzeiro na selva
215 _a[50] p.
_cmuito il.
_d24 cm
700 1 _aCapdevila
_bF.
_4070
210 _cCírculo de Leitores
_aLisboa
_dimp. 1981
225 2 _aDisneylândia
410 0 _tDisneylândia
996 _f0016924
_kCAP Inf
_m00000000
_n00000000
_aBMVAAL
_b3
_vViana do Alentejo
_xLiteratura Infantil
_y35
_eLivro
_10
_31
990 _cLIVROS